| 000 | 00905cam a22002531 4500 | ||
|---|---|---|---|
| 001 | gs 10000057 | ||
| 003 | DLC | ||
| 005 | 20260227111309.0 | ||
| 008 | 870919s1910 dcub f000 0 eng | ||
| 010 | _ags 10000057 | ||
| 035 | _a(OCoLC)16720266 | ||
| 040 |
_aDLC _cOrPS _dDLC |
||
| 042 | _apremarc | ||
| 043 | _an-us-ak | ||
| 050 | 0 | 0 |
_aTN423.A7 _bM2 |
| 100 | 1 |
_aMaddren, A. G. _q(Alfred Geddes), _d1875- |
|
| 245 | 0 | 4 |
_aThe Innoko gold-placer district, Alaska, with accounts of the central Kuskokwim Valley and the Ruby Creek and Gold Hill placers, _cby A. G. Maddren. |
| 260 |
_aWashington, _bGovt. Print. Off., _c1910. |
||
| 300 |
_a87 p. _bv fold. maps. (1 in pocket) _c24 cm. |
||
| 490 | 1 |
_aU.S. Geological survey. Bulletin _v410 |
|
| 500 | _aIssued also as House doc. no. 188, 61st Cong., 2d sess. | ||
| 650 | 0 |
_aGold mines and mining _zAlaska. |
|
| 830 | 0 |
_aGeological Survey bulletin ; _v410. |
|
| 999 |
_c24898 _d24898 |
||